000 01347cam a22003497a 4500
003 CHAP
005 20250613132618.0
008 981103d1998 mx bd r 00110 spa d
010 _a76567
011 _a77539
035 _a87148
040 _cCHAP
090 _aTesis
100 0 0 _aSantiago Sanjuan, Albano.
_9102391
245 1 3 _aLa produccion de piña en Loma Bonita, Oaxaca y su posible exportación a la Unión Europea
_c/por Albano Santiago Sanjuan
260 _aChapingo, Méx. :
_bEl autor,
_c1998.
300 _a107 h. :
_bgráfs. ; mapas ; cuadros ; diagramas ; anexo
502 _aTesis (Lic. en Comercio Internacional de Productos Agropecuarios) -- UACH. División de Ciencias Económico-Administrativas
590 _aALEPH
_b10
_c20130110
_lUCH01
_h1425
590 _aBATCH-UPD
_b10
_c20130110
_lUCH01
_h0115
590 _aBATCH-UPD
_b10
_c20130110
_lUCH01
_h0719
590 _aBATCH-UPD
_b10
_c20130409
_lUCH01
_h2107
590 _aBATCH-UPD
_b10
_c20130914
_lUCH01
_h1914
590 _aCONVERSION
_b10
_c20130109
_lUCH01
_h1342
650 1 7 _aPiña (Ananas comosus)
_xExportación
_2
_988398
650 1 7 _aPiña (Ananas comosus)
_zOaxaca
_2
_988431
901 _aBK
905 _aMa. Socorro Iturbe C.
942 _cFOLL
949 _bBC
_cTES
_d33724000590527
_eTS2
_fc.2
_h33118
_i87148
_si
949 _bBC
_cTES
_d871481
_eTS1
_h33117
_i87148
_sb
999 _c76567
_d76567